000 01061nam2a22002651 4500
001 RU\NLR\19V\224822
005 20260406120503.0
035 _a(NLR Aleph) 010348664
090 _a10736636
_c10736636
100 _a20061228d1893 |||y0rusy50 ca
101 0 _arus
102 _aRU
105 _ay z |||a|
200 1 _aСкупой рыцарь
_eДраматич. очерк А.С. Пушкина
210 _d[1893]
_aБ. м.
215 _a60 с.
_d7,2 х 5,3
304 _aНа обл. перед загл.: "Сочинение А.С. Пушкина"
461 0 _1001RU\NLR\19V\224808
_12001#$a"Крошка"$eБиблиотека$v[27]
_910736585
_cКиев
_d1892-1895
_e[2-е изд.]
_nФ.А. Иогансон
_oБиблиотека
_t"Крошка"
_v[27]
700 1 _8rus
_7ca
_aПушкин
_bА. С.
_cпоэт
_f1799-1837
_gАлександр Сергеевич
_3RU\NLR\AUTH\77386
_9110441
801 0 _aRU
_bNLR
_c20061228
_gpsbo
801 1 _aRU
_bNLR
_c20061228
_2rusmarc
852 _aNLR
_jПушкин/2-С-46-12
942 _cBOOK
980 _aNB